000 00829nam a2200241Ia 4500
003 OSt
005 20220925203411.0
006 a|||||r|||| 00| 0
007 ta
008 220923b |||||||| |||| 00| 0 eng d
020 _a9780822352044
_c1255.54
037 _bRKBA\ 09-10 \ 4671, 12/07/2012, RAJKIRAN BOOK AGENCY
_cGeneral Book
040 _aRTL
_cRTL
_beng
041 _2eng
_aeng
082 _aY:438.59191.L4, Q2
100 _aYASHIN Yael Navaro.
_9265845
245 0 _aMake- believe space
_b Affective geography in a postwar polity
260 _aDurham
_bDuke University Press
_c2012
300 _axxiv, 270p
_ccm.
650 _aSociology
942 _hY:438.59191.L4, Q2
_cGB
_2CC
999 _c546248
_d546248